Χρήση και αξιοποίηση των μέσων κοινωνικής δικτύωσης απο τους φορείς της ελληνικής δημόσιας διοίκσσης - Οφέλη και ανασταλτικοί παράγοντες - Βαθμός ενίσχυσης της γνωσεοαπορροφητικής ικανότητας : μεταπτυχιακή διατριβή

Το δυναμικά εξελισσόμενο σύγχρονο εξωτερικό περιβάλλον των οργανισμών γίνεται ολοένα πιο περίπλοκο, με αποτέλεσμα η εξερεύνηση της εξωτερικής γνώσης αλλά και η διαχείριση και εκμετάλλευσή της να αποκτά ιδιαίτερη σημασία. Αυτό οδήγησε στην αναγνώριση της ιδιαίτερης αξίας της γνωσεοαπορροφητικής ικανό...

Πλήρης περιγραφή

Αποθηκεύτηκε σε:
Λεπτομέρειες βιβλιογραφικής εγγραφής
Κύριος συγγραφέας: Κασιγεωργόπουλος, Θωμάς
Συγγραφή απο Οργανισμό/Αρχή: Πανεπιστήμιο Αιγαίου. Σχολή Θετικών Επιστημών. Τμήμα Μηχανικών Πληροφοριακών και Επικοινωνιακών Συστημάτων. Π.Μ.Σ. Τεχνολογίες και Διοίκηση Πληροφοριακών και Επικοινωνιακών Συστημάτων. Ηλεκτρονική Διακυβέρνηση
Άλλοι συγγραφείς: Στεργίου, Αικατερίνη (Ο εκπονών διατριβή)
Μορφή: Thesis Βιβλίο
Γλώσσα:Greek
Δημοσίευση: 2017.
Θέματα:
Διαθέσιμο Online:http://hdl.handle.net/11610/17624
Ετικέτες: Προσθήκη ετικέτας
Δεν υπάρχουν, Καταχωρήστε ετικέτα πρώτοι!

MARC

LEADER 00000cam a2200000 a 4500
001 1/114386
008 170623s2017####gr | ||| |||| ||gre||
040 |a GR-MyUa  |b gre  |c GR-MyUa  |e AACR2 
041 0 |a gre 
082 7 |a 352.3802854678   |2 (23)  
100 1 |a Κασιγεωργόπουλος, Θωμάς. 
245 1 0 |a Χρήση και αξιοποίηση των μέσων κοινωνικής δικτύωσης απο τους φορείς της ελληνικής δημόσιας διοίκσσης - Οφέλη και ανασταλτικοί παράγοντες - Βαθμός ενίσχυσης της γνωσεοαπορροφητικής ικανότητας :   |b μεταπτυχιακή διατριβή /   |c Θωμάς Κασιγεωργόπουλος, Αικατερίνη Στεργίου ; επιβλέπων καθηγητής Ευριπίδης Λουκής.  
260 |c 2017.  
300 |a 165 σ. :   |b εικ., διάγρ., πιν. ;   |c 30 εκ.  
502 |a Διατριβή (μεταπτυχιακή) - Πανεπιστήμιο Αιγαίου, Σάμος, 2017.  
504 |a Βιβλιογραφία: σ. 144-152.  
506 0 |a Διάθεση πλήρους κειμένου - Ελεύθερη πρόσβαση.  
520 8 |a Το δυναμικά εξελισσόμενο σύγχρονο εξωτερικό περιβάλλον των οργανισμών γίνεται ολοένα πιο περίπλοκο, με αποτέλεσμα η εξερεύνηση της εξωτερικής γνώσης αλλά και η διαχείριση και εκμετάλλευσή της να αποκτά ιδιαίτερη σημασία. Αυτό οδήγησε στην αναγνώριση της ιδιαίτερης αξίας της γνωσεοαπορροφητικής ικανότητας των οργανισμών και τη μελέτη της, με στόχο την καλύτερη επίτευξη των στόχων τους. Η έρευνα γύρω από την Απορροφητική Ικανότητα των οργανισμών στράφηκε τα τελευταία χρόνια, κυρίως, στον ιδιωτικό τομέα, ενώ υπάρχει ένα σχετικό κενό σχετικά με τη χρήση και επίδραση της Απορροφητικής Ικανότητας στους οργανισμούς του Δημοσίου Τομέα. Η μελέτη αυτή, λοιπόν, προσπαθεί να φωτίσει το συγκεκριμένο τομέα εξετάζοντας δέκα φορείς της ελληνικής Δημόσιας Διοίκησης, μέσα από το πρίσμα της χρήσης των μέσων κοινωνικής δικτύωσης (social media), η οποία παρουσιάζει αυξητικές τάσεις στους κόλπους της. Βασίζεται σε αναλυτικές συνεντεύξεις των διαχειριστών των μέσων κοινωνικής δικτύωσης των υπό εξέταση φορέων, εστιάζοντας στον τρόπο με τον οποίο η εξωτερική γνώση αφομοιώνεται, μετασχηματίζεται και εκμεταλλεύεται από τους φορείς. Έτσι, αποτυπώνει την υφιστάμενη κατάσταση, ενώ διατυπώνει προτάσεις αξιοποίησης της εξωτερικής γνώσης μέσω της χρήσης των μέσων κοινωνικής δικτύωσης, οι οποίες προέκυψαν από την ανάλυση των διαδικασιών και τον εντοπισμό προβλημάτων και αδυναμιών.  
650 0 |a Dissertations, Academic  |z Greece. 
650 0 |a Public administration  |x Technological innovations. 
650 0 |a Social media. 
700 1 |a Στεργίου, Αικατερίνη,  |e dis 
700 1 |a Λουκής, Ευριπίδης,  |e dgs 
710 2 |a Πανεπιστήμιο Αιγαίου.   |b Σχολή Θετικών Επιστημών.   |b Τμήμα Μηχανικών Πληροφοριακών και Επικοινωνιακών Συστημάτων.   |b Π.Μ.Σ. Τεχνολογίες και Διοίκηση Πληροφοριακών και Επικοινωνιακών Συστημάτων.   |b Ηλεκτρονική Διακυβέρνηση. 
852 |a INST  |b SAMOS  |c DIATR  |e 20170623  |h 352.3802854678 ΚΑΣ  |p 005300044668  |q 005300044668  |t MTXE  |y 23 
856 |u http://hdl.handle.net/11610/17624 
924 |a Κασιγεωργόπουλος  |b Θωμάς  |y Σάμος  |z 2017-05 
970 |a Κοσιέρης  |b Χρήστος  |z 23-06-2017